Mentiras verdaderas (Registro nro. 18332)

Detalles MARC
000 -LEADER
fixed length control field 00396 a2200121 4500
001 - CONTROL NUMBER
control field ART_42662
005 - DATE AND TIME OF LATEST TRANSACTION
control field 20260410161736.0
008 - FIXED-LENGTH DATA ELEMENTS--GENERAL INFORMATION
fixed length control field 260409a
100 1# - MAIN ENTRY--PERSONAL NAME
Personal name Sturzenegger, Adolfo
245 10 - TITLE STATEMENT
Title Mentiras verdaderas
700 1# - ADDED ENTRY--PERSONAL NAME
Personal name García, Roberto
773 0# - HOST ITEM ENTRY
Title Ejecutivos de finanzas
Related parts Agregando valor a partir de la gestión financiera - Año 11, Nº 120 (oct. 1995)
Record control number REV2863

No hay ítems disponibles.